00579nam a2200169Ia 4500020001800000082001900018100001800037245006700055260004900122300001000171504002000181650004200201650003800243650003600281650004600317650004600363 a0-520-02004-2 a307.1416 VAT-; aVatuk, Sylvia 0aKinship and urbanization: White collar migrants in North India aLondonbUniversity of California Pressc1972 a219p. aIncludes index  aUrbanization - Meerut (Uttar Pradesh) aMarriage - Meerut (Uttar Pradesh) aFamily - Meerut (Uttar Pradesh) aSociology, Urban - Meerut (Uttar Pradesh) aSocial structure - Meerut (Uttar Pradesh)